| 000 -LEADER | |
|---|---|
| fixed length control field | 00528nam a22001817a 4500 |
| 005 - DATE AND TIME OF LATEST TRANSACTION | |
| control field | 20230217124444.0 |
| 008 - FIXED-LENGTH DATA ELEMENTS--GENERAL INFORMATION | |
| fixed length control field | 230216b |||||||| |||| 00| 0 eng d |
| 020 ## - INTERNATIONAL STANDARD BOOK NUMBER | |
| ISBN | 81-8416000-3 |
| 041 ## - LANGUAGE CODE | |
| Language code of text/sound track or separate title | eng |
| 082 ## - DEWEY DECIMAL CLASSIFICATION NUMBER | |
| Classification number | 615 GOY-B |
| 100 ## - MAIN ENTRY--AUTHOR NAME | |
| Personal name | GOYAL ,Dr. RAMESH K . ,BHATT , Dr. PRALOOP . AND KUMAR , Dr. PRADEEP |
| 245 ## - TITLE STATEMENT | |
| Title | BASIC OF HEALTH EDUCATION AND COMMUNITY FARMACY |
| 250 ## - EDITION STATEMENT | |
| Edition statement | 5th ed. |
| 260 ## - PUBLICATION, DISTRIBUTION, ETC. (IMPRINT) | |
| Name of publisher | B.S. SHAH PRAKASHAN |
| Year of publication | 2014-2015 |
| 300 ## - PHYSICAL DESCRIPTION | |
| Number of Pages | 345;P. |
| 650 ## - SUBJECT ADDED ENTRY--TOPICAL TERM | |
| Topical Term | PHARMACY |
| General subdivision | D. PHARMA |
| 942 ## - ADDED ENTRY ELEMENTS (KOHA) | |
| Koha item type | Books |
| Lost status | Damaged status | Collection code | Home library | Current library | Shelving location | Date acquired | Source of acquisition | Cost, normal purchase price | Full call number | Accession Number | Koha item type |
|---|---|---|---|---|---|---|---|---|---|---|---|
| PHARMACY | JRU Library | JRU Library | SHELF - 19 - H | 11/02/2023 | LOHIA BOOK INTERNATIONAL | 185.00 | 615 GOY-B | 27530 | Books | ||
| PHARMACY | JRU Library | JRU Library | SHELF - 19 - H | 11/02/2023 | LOHIA BOOK INTERNATIONAL | 185.00 | 615 GOY-B | 27531 | Books |